| 000 | 00611nam2a2200229 4500 | ||
|---|---|---|---|
| 001 | rc\2645919 | ||
| 005 | 20110608180554.0 | ||
| 035 | _a(NLR Aleph) 006953621 | ||
| 090 |
_a13562511 _c13562511 |
||
| 100 | _a20110608d1930 |||y0rusy50 ca | ||
| 101 | 0 | _arus | |
| 102 | _aRU | ||
| 105 | _ay z ||||| | ||
| 200 | 1 | _aПодводники | |
| 210 | _d1930 | ||
| 461 | 0 |
_1001rc\2645917 _12001#$aДешевая библиотека ЗИФ'а$v№ 3 |
|
| 700 | 1 |
_aНовиков-Прибой _bА. С. |
|
| 801 | 0 |
_aRU _bNLR _gpsbo |
|
| 801 | 1 |
_aRU _bELAR _2rusmarc |
|
| 852 |
_aNLR _j30-15/6 |
||
| 942 | _cBOOK | ||
| 980 | _aNB | ||